00871nam a22002417a 450000500170000000800410001701000140005802000260007203500130009803700150011104000180012608200130014410000160015724500680017326000500024127000750029130000260036650000350039265000120042794200270043999900170046695201460048320090624110130.0090624t xxu||||| |||| 00| 0 eng d aENG-94209 a9788183564762c525.00 aEN-77742 bDBAD / VEN adplbEnglish  a338.4791 aRawat, Taj  aNature tourism:btransformation and development /cby Taj Rawat aNew Delhi bDiscovery Publishing House c2009 a4831/24, Ansari Road, Prahlad Street, Darya Ganj, bNew Delhi e110002 avi, 185p. c22cm(Hb)  aIncludes references and index  aTourism 2ddccENmRAWh338.4791 c27824d27824 00102ddc40718NFICaDBADbDBADd2009-06-24eDBAD / VENg525.00l0o338.4791 RAWpEN-77742r2009-06-24 00:00:00t1v525.00w2009-06-24yEN